| 000 | 01743 a2200241 4500 | ||
|---|---|---|---|
| 001 | 91 | ||
| 005 | 20260407155408.0 | ||
| 008 | 260407a2005 arg spa d | ||
| 003 | AR-UNSa-BCEJYS | ||
| 040 |
_aAR-UNSa-BCEJYS _bspa _cAR-UNSa-BCEJYS |
||
| 080 |
_a657 _xContabilidad |
||
| 245 | 1 | 0 | _aContabilidad superior |
| 020 | _a978-030-783-3 | ||
| 250 | _a5a. ed. | ||
| 264 | 1 |
_aBuenos Aires : _bLa Ley _c2005 |
|
| 300 |
_a2 v. _c24 cm. |
||
| 505 | _aVol. I: 1. Cuestiones contables fundamentales 2. Las normas contables 3. Ajustes por inflación 4. Conversiones 5. Variaciones del patrimonio 6. Cuentas por cobrar y por pagar 7. Remuneraciones al personal, servicios adquiridos e impuestos 8. Compensaciones basadas en acciones 9. Pensiones y otros beneficios posteriores al retiro 10. Bienes de uso 11. Bienes intangibles 12. Bienes de cambio y otras existencias -- Vol. II: 13. Ingresos en general 14. Arrendamientos y otros derechos de uso 15. Actividad agropecuaria, minería y construcciones por contrato 16. Derivados y coberturas 17. Impuestos diferidos 18. Combinaciones y plusvalía 19. Participaciones en otros entes 20. Consolidación de estados contables 21. Miscelánea 22. El estado de situación patrimonial 23. El estado de resultados 24. El estado de evolución del patrimonio neto 25. El estado de flujo de efectivo, el de origen y aplicación de fondos y el de variaciones del capital corriente 26. La información complementaria y la adicional 27. Información por segmentos | ||
| 041 | _aspa | ||
| 942 | _cBK | ||
| 590 | _aniveau_biblio:m niveau_hierar:0 | ||
| 100 | 1 | _aFowler Newton, Enrique | |
| 856 | 4 | 1 |
_uhttps://biblioeco.unsa.edu.ar/pmb/images/libros/Contabilidad superior2-l87623.jpg _yImagen de portada _qimage/jpeg |
| 999 |
_c68 _d68 |
||